2000 Election Night - Statistics

General Stats
  • This quiz has been taken 17 times
  • The average score is 40 of 62
Answer Stats
Time Called EST Electoral Votes Answer % Correct
Dec. 13 ***25*** Florida
100%
7:00 PM 3 Vermont
91%
Wed. 12:00 AM 3 Alaska
82%
11:00 PM 54 California
82%
11:00 PM 4 Hawaii
82%
8:00 PM 22 Illinois
82%
6:00 PM 12 Indiana
82%
6:00 PM 8 Kentucky
82%
9:00 PM 33 New York
82%
12:09 AM 11 Washington
82%
11:12 PM 8 Colorado
73%
8:00 PM 3 District of Columbia
73%
7:50 PM *25* Florida
73%
8:35 PM 2 Maine
73%
8:35 PM 1 Maine-1
73%
Wed. Afternoon 1 Maine-2
73%
8:00 PM 12 Massachusetts
73%
9:00 PM 2 Nebraska
73%
9:00 PM 1 Nebraska-1
73%
9:00 PM 1 Nebraska-2
73%
9:00 PM 1 Nebraska-3
73%
9:00 PM 3 North Dakota
73%
9:17 PM 21 Ohio
73%
Fri. 7 Oregon
73%
8:49 PM 23 Pennsylvania
73%
9:00 PM 3 South Dakota
73%
8:00 PM 32 Texas
73%
8:00 PM 8 Connecticut
64%
9:54 PM **25** Florida
64%
7:32 PM 13 Georgia
64%
8:00 PM 10 Maryland
64%
8:00 PM 18 Michigan
64%
9:36 PM 10 Minnesota
64%
9:00 PM 4 Rhode Island
64%
7:25 PM 13 Virginia
64%
9:00 PM 3 Wyoming
64%
8:25 PM 9 Alabama
55%
8:00 PM 3 Delaware
55%
2:17 AM *25* Florida
55%
3:58 AM **25** Florida
55%
10:00 PM 4 Idaho
55%
2:04 AM 7 Iowa
55%
8:00 PM 6 Kansas
55%
9:00 PM 9 Louisiana
55%
10:07 PM 11 Missouri
55%
10:00 PM 3 Montana
55%
10:05 PM 4 New Hampshire
55%
8:00 PM 15 New Jersey
55%
Nov. 17 ***5*** New Mexico
55%
7:58 PM 14 North Carolina
55%
8:00 PM 8 Oklahoma
55%
7:00 PM 8 South Carolina
55%
10:00 PM 5 Utah
55%
10:11 PM 5 West Virginia
55%
6:22 AM 11 Wisconsin
55%
11:46 PM 8 Arizona
45%
11:46 PM 6 Arkansas
45%
8:00 PM 7 Mississippi
45%
11:20 PM 4 Nevada
45%
10:21 PM *5* New Mexico
45%
Fri. **5** New Mexico
45%
9:17 PM 11 Tennessee
45%
No matching quizzes found
Score Distribution
Percent of People with Each Score
Percentile by Number Answered
Your Score History
You have not taken this quiz